Land zu Fußballer #1 - Statistiken

Allgemein
  • Dieses Quiz wurde 454 mal gespielt
  • Das Durchschnittsergebnis liegt bei 17 aus 20
Antwortstatistiken
Spieler Land % Korrekt
Marquinhos Brasilien
97%
Martin Ödegaard Norwegen
96%
Joao Felix Portugal
95%
Steven Bergwijn Niederlande
93%
Ante Rebic Kroatien
92%
Youri Tielemans Belgien
88%
Tammy Abraham England
86%
Aleksandr Golovin Russland
86%
Kerem Demirbay Deutschland
85%
Wissam Ben Yedder Frankreich
85%
Sandro Tonali Italien
85%
Amine Harit Marokko
85%
Patrik Schick Tschechien
85%
Denis Zakaria Schweiz
84%
Fabian Ruiz Spanien
84%
Kostas Manolas Griechenland
83%
Hirving Lozano Mexiko
78%
Nicolas Tagliafico Argentinien
77%
Nicolas Pepe Elfenbeinküste
69%
Ismaila Sarr Senegal
69%
Keine übereinstimmenden Quizze gefunden
Verteilung der Resultate
Anzahl Personen mit jedem Resultat
Perzentil nach korrekt beantworteten Fragen
Ihre Resultats-Entwicklung
Sie haben dieses Quiz noch nicht gespielt